{"text_format":"3","workbook":"xlsx","n_sheets":2,"sheets":["Васильева Оксана Владимировна","data"],"read":"whole","date_system":"1900"}

{"sheet":"Васильева Оксана Владимировна","index":0,"n_rows":108,"n_cols":13,"rows_kept":108}
["№","Фамлия","Имя","Отчество","Пол","Класс","Класс участия","Балл","Макс. Балл","Статус","Призер МЭ прошлого года","Учитель","Место работы учителя"]
[1,3,4,5,6,9,10,11,12,13,14,15,16]
[1,"Моторная","Милана ","Александровна","ж",6,6,60,100,"участник",null,"Васильева Оксана Владимировна","Муниципальное бюджетное общеобразовательное учреждение \"Школа №15\" г.Нижнекамск Республики Татарстан"]
[2,"Белкина","Инна","Александровна","ж",6,6,45,100,"участник",null,"Васильева Оксана Владимировна","Муниципальное бюджетное общеобразовательное учреждение \"Школа №15\" г.Нижнекамск Республики Татарстан"]
[3,"Гаркуша","Виктория","Алексеевна","ж",6,6,41,100,"участник",null,"Васильева Оксана Владимировна","Муниципальное бюджетное общеобразовательное учреждение \"Школа №15\" г.Нижнекамск Республики Татарстан"]
[4,"Исхакова","Аделина","Тимуровна","ж",6,6,38,100,"участник",null,"Васильева Оксана Владимировна","Муниципальное бюджетное общеобразовательное учреждение \"Школа №15\" г.Нижнекамск Республики Татарстан"]
[5,"Камалова ","Диана","Айнуровна","ж",6,6,36,100,"участник",null,"Васильева Оксана Владимировна","Муниципальное бюджетное общеобразовательное учреждение \"Школа №15\" г.Нижнекамск Республики Татарстан"]
[6,"Коровина","Рената","Владимировна","ж",6,6,32,100,"участник",null,"Васильева Оксана Владимировна","Муниципальное бюджетное общеобразовательное учреждение \"Школа №15\" г.Нижнекамск Республики Татарстан"]
[7,"Павлова","Арина","Дмитриевна","ж",6,6,30,100,"участник",null,"Васильева Оксана Владимировна","Муниципальное бюджетное общеобразовательное учреждение \"Школа №15\" г.Нижнекамск Республики Татарстан"]
[8,"Садриева","Алина","Фанисовна","ж",6,6,22,100,"участник",null,"Васильева Оксана Владимировна","Муниципальное бюджетное общеобразовательное учреждение \"Школа №15\" г.Нижнекамск Республики Татарстан"]
[9,"Игнатьева ","Милана ","Михайловна","ж",6,6,72,100,"участник",null,"Васильева Оксана Владимировна","Муниципальное бюджетное общеобразовательное учреждение \"Школа №15\" г.Нижнекамск Республики Татарстан"]
[10,"Атаева ","София","Александровна","ж",6,6,68,100,"участник",null,"Васильева Оксана Владимировна","Муниципальное бюджетное общеобразовательное учреждение \"Школа №15\" г.Нижнекамск Республики Татарстан"]
[11,"Сидорова","Карина ","Артёмовна","ж",6,6,52,100,"участник",null,"Васильева Оксана Владимировна","Муниципальное бюджетное общеобразовательное учреждение \"Школа №15\" г.Нижнекамск Республики Татарстан"]
[12,"Прасов","Артем","Альбертович","м",6,6,48,100,"участник",null,"Васильева Оксана Владимировна","Муниципальное бюджетное общеобразовательное учреждение \"Школа №15\" г.Нижнекамск Республики Татарстан"]
[13,"Рахимьянов","Амир","Рустэмович","м",6,6,46,100,"участник",null,"Васильева Оксана Владимировна","Муниципальное бюджетное общеобразовательное учреждение \"Школа №15\" г.Нижнекамск Республики Татарстан"]
[14,"Емельянов","Рафаэль","Сергеевич","м",6,6,42,100,"участник",null,"Васильева Оксана Владимировна","Муниципальное бюджетное общеобразовательное учреждение \"Школа №15\" г.Нижнекамск Республики Татарстан"]
[15,"Масленников","Никита","Вячеславович","м",6,6,38,100,"участник",null,"Васильева Оксана Владимировна","Муниципальное бюджетное общеобразовательное учреждение \"Школа №15\" г.Нижнекамск Республики Татарстан"]
[16,"Багисов ","Дамир","Ильмирович","м",6,6,34,100,"участник",null,"Васильева Оксана Владимировна","Муниципальное бюджетное общеобразовательное учреждение \"Школа №15\" г.Нижнекамск Республики Татарстан"]
[17,"Гоголев","Денис","Александрович","м",6,6,30,100,"участник",null,"Васильева Оксана Владимировна","Муниципальное бюджетное общеобразовательное учреждение \"Школа №15\" г.Нижнекамск Республики Татарстан"]
[18,"Губернаторов ","Илья","Евгеньевич","м",6,6,28,100,"участник",null,"Васильева Оксана Владимировна","Муниципальное бюджетное общеобразовательное учреждение \"Школа №15\" г.Нижнекамск Республики Татарстан"]
[19,"Рачковский","Давид","Янович","м",6,6,26,100,"участник",null,"Васильева Оксана Владимировна","Муниципальное бюджетное общеобразовательное учреждение \"Школа №15\" г.Нижнекамск Республики Татарстан"]
[20,"Трофимов","Алексей","Михайлович","м",6,6,20,100,"участник",null,"Васильева Оксана Владимировна","Муниципальное бюджетное общеобразовательное учреждение \"Школа №15\" г.Нижнекамск Республики Татарстан"]
[21,"Форкунов","Алексей","Владимирович","м",6,6,18,100,"участник",null,"Васильева Оксана Владимировна","Муниципальное бюджетное общеобразовательное учреждение \"Школа №15\" г.Нижнекамск Республики Татарстан"]
[22,"Камалова ","Алина","Айнуровна","ж",9,9,94,100,"призер","да","Васильева Оксана Владимировна","Муниципальное бюджетное общеобразовательное учреждение \"Школа №15\" г.Нижнекамск Республики Татарстан"]
[23,"Еркина","Татьяна","Андреевна","ж",9,9,58,100,"участник",null,"Васильева Оксана Владимировна","Муниципальное бюджетное общеобразовательное учреждение \"Школа №15\" г.Нижнекамск Республики Татарстан"]
[24,"Адиева","Алина","Айзатовна","ж",9,9,56,100,"участник",null,"Васильева Оксана Владимировна","Муниципальное бюджетное общеобразовательное учреждение \"Школа №15\" г.Нижнекамск Республики Татарстан"]
[25,"Горлова ","Екатерина","Юрьевна","ж",9,9,54,100,"участник",null,"Васильева Оксана Владимировна","Муниципальное бюджетное общеобразовательное учреждение \"Школа №15\" г.Нижнекамск Республики Татарстан"]
[26,"Былинкина","Ландыш","Евгеньевна","ж",9,9,48,100,"участник",null,"Васильева Оксана Владимировна","Муниципальное бюджетное общеобразовательное учреждение \"Школа №15\" г.Нижнекамск Республики Татарстан"]
[27,"Матвеева","Екатерина ","Александровна","ж",9,9,44,100,"участник",null,"Васильева Оксана Владимировна","Муниципальное бюджетное общеобразовательное учреждение \"Школа №15\" г.Нижнекамск Республики Татарстан"]
[28,"Трифонова ","Камилла","Денисовна","ж",9,9,40,100,"участник",null,"Васильева Оксана Владимировна","Муниципальное бюджетное общеобразовательное учреждение \"Школа №15\" г.Нижнекамск Республики Татарстан"]
[29,"Файзуллина ","Лилия","Ильназовна","ж",9,9,38,100,"участник",null,"Васильева Оксана Владимировна","Муниципальное бюджетное общеобразовательное учреждение \"Школа №15\" г.Нижнекамск Республики Татарстан"]
[30,"Волкова","Дина","Вячеславовна","ж",9,9,96,100,"победитель","да","Васильева Оксана Владимировна","Муниципальное бюджетное общеобразовательное учреждение \"Школа №15\" г.Нижнекамск Республики Татарстан"]
[31,"Даутова","Назиля","Ильдусовна","ж",10,10,96,100,"победитель",null,"Васильева Оксана Владимировна","Муниципальное бюджетное общеобразовательное учреждение \"Школа №15\" г.Нижнекамск Республики Татарстан"]
[32,"Аглямзянова ","Дамина","Раифовна","ж",10,10,56,100,"участник",null,"Васильева Оксана Владимировна","Муниципальное бюджетное общеобразовательное учреждение \"Школа №15\" г.Нижнекамск Республики Татарстан"]
[33,"Баширова","Амира","Раилевна","ж",10,10,26,100,"участник",null,"Васильева Оксана Владимировна","Муниципальное бюджетное общеобразовательное учреждение \"Школа №15\" г.Нижнекамск Республики Татарстан"]
[34,"Гальченко ","Виктория ","Артёмовна","ж",10,10,42,100,"участник",null,"Васильева Оксана Владимировна","Муниципальное бюджетное общеобразовательное учреждение \"Школа №15\" г.Нижнекамск Республики Татарстан"]
[35,"Галялиева","Алина","Родиноновна","ж",10,10,42,100,"участник",null,"Васильева Оксана Владимировна","Муниципальное бюджетное общеобразовательное учреждение \"Школа №15\" г.Нижнекамск Республики Татарстан"]
[36,"Гараева ","Дина","Рафаэлевна","ж",10,10,40,100,"участник",null,"Васильева Оксана Владимировна","Муниципальное бюджетное общеобразовательное учреждение \"Школа №15\" г.Нижнекамск Республики Татарстан"]
[37,"Збинская ","Екатерина ","Евгеньевна","ж",10,10,40,100,"участник",null,"Васильева Оксана Владимировна","Муниципальное бюджетное общеобразовательное учреждение \"Школа №15\" г.Нижнекамск Республики Татарстан"]
[38,"Кондрашина","Яна","Вячеславовна","ж",10,10,40,100,"участник",null,"Васильева Оксана Владимировна","Муниципальное бюджетное общеобразовательное учреждение \"Школа №15\" г.Нижнекамск Республики Татарстан"]
[39,"Латипова ","Камилла"," Алмазовна","ж",10,10,38,100,"участник",null,"Васильева Оксана Владимировна","Муниципальное бюджетное общеобразовательное учреждение \"Школа №15\" г.Нижнекамск Республики Татарстан"]
[40,"Рогова ","Александра","Андреевна","ж",10,10,38,100,"участник",null,"Васильева Оксана Владимировна","Муниципальное бюджетное общеобразовательное учреждение \"Школа №15\" г.Нижнекамск Республики Татарстан"]
[41,"Романова","Евгения ","Олеговна","ж ",10,10,36,100,"участник",null,"Васильева Оксана Владимировна","Муниципальное бюджетное общеобразовательное учреждение \"Школа №15\" г.Нижнекамск Республики Татарстан"]
[42,"Сабирова ","Аделя ","Ильнуровна","ж ",10,10,32,100,"участник",null,"Васильева Оксана Владимировна","Муниципальное бюджетное общеобразовательное учреждение \"Школа №15\" г.Нижнекамск Республики Татарстан"]
[43,"Смирнова","Дарья","Станиславовна","ж",10,10,32,100,"участник",null,"Васильева Оксана Владимировна","Муниципальное бюджетное общеобразовательное учреждение \"Школа №15\" г.Нижнекамск Республики Татарстан"]
[44,"Шайхава","Арина","Руслановна","ж",10,10,30,100,"участник",null,"Васильева Оксана Владимировна","Муниципальное бюджетное общеобразовательное учреждение \"Школа №15\" г.Нижнекамск Республики Татарстан"]
[45,"Фархутдинов","Салават","Нургалиевич","м",10,10,94,100,"победитель",null,"Васильева Оксана Владимировна","Муниципальное бюджетное общеобразовательное учреждение \"Школа №15\" г.Нижнекамск Республики Татарстан"]
[46,"Бородинов","Алексей","Андреевич","м",10,10,60,100,"участник",null,"Васильева Оксана Владимировна","Муниципальное бюджетное общеобразовательное учреждение \"Школа №15\" г.Нижнекамск Республики Татарстан"]
[47,"Валиуллин","Эмиль ","Рамилевич","м",10,10,58,100,"участник",null,"Васильева Оксана Владимировна","Муниципальное бюджетное общеобразовательное учреждение \"Школа №15\" г.Нижнекамск Республики Татарстан"]
[48,"Губернаторов ","Егор","Евгеньевич","м",10,10,54,100,"участник",null,"Васильева Оксана Владимировна","Муниципальное бюджетное общеобразовательное учреждение \"Школа №15\" г.Нижнекамск Республики Татарстан"]
[49,"Львов ","Кирилл","Эдуардович","м",10,10,54,100,"участник",null,"Васильева Оксана Владимировна","Муниципальное бюджетное общеобразовательное учреждение \"Школа №15\" г.Нижнекамск Республики Татарстан"]
[50,"Матвеев","Вячеслав","Владимирович","м",10,10,52,100,"участник",null,"Васильева Оксана Владимировна","Муниципальное бюджетное общеобразовательное учреждение \"Школа №15\" г.Нижнекамск Республики Татарстан"]
[51,"Модинов","Максим","Игоревич","м",10,10,48,100,"участник",null,"Васильева Оксана Владимировна","Муниципальное бюджетное общеобразовательное учреждение \"Школа №15\" г.Нижнекамск Республики Татарстан"]
[52,"Мутыгуллин","Дамир","Ильдарович","м",10,10,46,100,"участник",null,"Васильева Оксана Владимировна","Муниципальное бюджетное общеобразовательное учреждение \"Школа №15\" г.Нижнекамск Республики Татарстан"]
[53,"Прытков","Кирилл","Валерьевич","м",10,10,40,100,"участник",null,"Васильева Оксана Владимировна","Муниципальное бюджетное общеобразовательное учреждение \"Школа №15\" г.Нижнекамск Республики Татарстан"]
[54,"Тиль ","Артем","Александрович","м",10,10,40,100,"участник",null,"Васильева Оксана Владимировна","Муниципальное бюджетное общеобразовательное учреждение \"Школа №15\" г.Нижнекамск Республики Татарстан"]
[55,"Халиков","Данил","Рамилевич","м",10,10,38,100,"участник",null,"Васильева Оксана Владимировна","Муниципальное бюджетное общеобразовательное учреждение \"Школа №15\" г.Нижнекамск Республики Татарстан"]
[56,"Шарипов","Данил","Наилевич","м",10,10,36,100,"участник",null,"Васильева Оксана Владимировна","Муниципальное бюджетное общеобразовательное учреждение \"Школа №15\" г.Нижнекамск Республики Татарстан"]
[57,"Нуруллин","Самат","Ильнарович","м",9,9,56,100,"участник",null,"Васильева Оксана Владимировна","Муниципальное бюджетное общеобразовательное учреждение \"Школа №15\" г.Нижнекамск Республики Татарстан"]
[58,"Захаров","Андрей","Александрович","м",9,9,64,100,"участник",null,"Васильева Оксана Владимировна","Муниципальное бюджетное общеобразовательное учреждение \"Школа №15\" г.Нижнекамск Республики Татарстан"]
[59,"Талтаев","Рустем","Айдарович","м",9,9,62,100,"участник",null,"Васильева Оксана Владимировна","Муниципальное бюджетное общеобразовательное учреждение \"Школа №15\" г.Нижнекамск Республики Татарстан"]
[60,"Максудов","Мансур","Искандарович","м",9,9,58,100,"участник",null,"Васильева Оксана Владимировна","Муниципальное бюджетное общеобразовательное учреждение \"Школа №15\" г.Нижнекамск Республики Татарстан"]
[61,"Исмагилов ","Карим ","Рифович","м",9,9,54,100,"участник",null,"Васильева Оксана Владимировна","Муниципальное бюджетное общеобразовательное учреждение \"Школа №15\" г.Нижнекамск Республики Татарстан"]
[62,"Цыганов","Дмитрий","Алексеевич","м",9,9,48,100,"участник",null,"Васильева Оксана Владимировна","Муниципальное бюджетное общеобразовательное учреждение \"Школа №15\" г.Нижнекамск Республики Татарстан"]
[63,"Обшаров ","Кирилл","Максимович","м",9,9,46,100,"участник",null,"Васильева Оксана Владимировна","Муниципальное бюджетное общеобразовательное учреждение \"Школа №15\" г.Нижнекамск Республики Татарстан"]
[64,"Гаврилов","Денис","Эдуардович","м",9,9,42,100,"участник",null,"Васильева Оксана Владимировна","Муниципальное бюджетное общеобразовательное учреждение \"Школа №15\" г.Нижнекамск Республики Татарстан"]
[65,"Ахунов ","Риваль","Рифатович","м",9,9,40,100,"участник",null,"Васильева Оксана Владимировна","Муниципальное бюджетное общеобразовательное учреждение \"Школа №15\" г.Нижнекамск Республики Татарстан"]
[66,"Савгильдин","Никита","Андреевич","м",9,9,38,100,"участник",null,"Васильева Оксана Владимировна","Муниципальное бюджетное общеобразовательное учреждение \"Школа №15\" г.Нижнекамск Республики Татарстан"]
[67,"Кырганова ","Анастасия ","Игоревна","ж",7,7,92,100,"призер",null,"Осипов Николай Викторович","Муниципальное бюджетное общеобразовательное учреждение \"Школа №15\" г.Нижнекамск Республики Татарстан"]
[68,"Ларионова ","Ева ","Алексеевна","ж",7,7,{"$f":"RANDBETWEEN(0,62)","v":36},100,"участник",null,"Осипов Николай Викторович","Муниципальное бюджетное общеобразовательное учреждение \"Школа №15\" г.Нижнекамск Республики Татарстан"]
[69,"Насыбуллина ","Сафира","Ильнаровна","ж",7,7,{"$f":"RANDBETWEEN(0,62)","v":7},100,"участник",null,"Осипов Николай Викторович","Муниципальное бюджетное общеобразовательное учреждение \"Школа №15\" г.Нижнекамск Республики Татарстан"]
[70,"Петрова ","Виолетта","Александровна","ж",7,7,25,100,"участник",null,"Осипов Николай Викторович","Муниципальное бюджетное общеобразовательное учреждение \"Школа №15\" г.Нижнекамск Республики Татарстан"]
[71,"Сафина ","Эльмира","Рафильевна","ж",7,7,8,100,"участник",null,"Осипов Николай Викторович","Муниципальное бюджетное общеобразовательное учреждение \"Школа №15\" г.Нижнекамск Республики Татарстан"]
[72,"Шайхутдинова","Диляра","Ильназовна","ж",7,7,8,100,"участник",null,"Осипов Николай Викторович","Муниципальное бюджетное общеобразовательное учреждение \"Школа №15\" г.Нижнекамск Республики Татарстан"]
[73,"Галиева","Алия","Рустамовна","ж",7,7,21,100,"участник",null,"Осипов Николай Викторович","Муниципальное бюджетное общеобразовательное учреждение \"Школа №15\" г.Нижнекамск Республики Татарстан"]
[74,"Гарипова","Сабина","Рустэмовна","ж",7,7,22,100,"участник",null,"Осипов Николай Викторович","Муниципальное бюджетное общеобразовательное учреждение \"Школа №15\" г.Нижнекамск Республики Татарстан"]
[75,"Загрутдинова","Самира","Фаилевна","ж",7,7,52,100,"участник",null,"Осипов Николай Викторович","Муниципальное бюджетное общеобразовательное учреждение \"Школа №15\" г.Нижнекамск Республики Татарстан"]
[76,"Чиркова ","Арина","Алексеевна","ж",7,7,36,100,"участник",null,"Осипов Николай Викторович","Муниципальное бюджетное общеобразовательное учреждение \"Школа №15\" г.Нижнекамск Республики Татарстан"]
[77,"Белкина","Мария","Владимировна","ж",8,8,1,100,"участник",null,"Осипов Николай Викторович","Муниципальное бюджетное общеобразовательное учреждение \"Школа №15\" г.Нижнекамск Республики Татарстан"]
[78,"Гальченко","Милана ","Артёмовна","ж",8,8,49,100,"участник",null,"Осипов Николай Викторович","Муниципальное бюджетное общеобразовательное учреждение \"Школа №15\" г.Нижнекамск Республики Татарстан"]
[79,"Каримова","Елизавета ","Андреевна","ж",8,8,4,100,"участник",null,"Осипов Николай Викторович","Муниципальное бюджетное общеобразовательное учреждение \"Школа №15\" г.Нижнекамск Республики Татарстан"]
[80,"Шайхисламова ","Диана","Азатовна","ж",8,8,28,100,"участник",null,"Осипов Николай Викторович","Муниципальное бюджетное общеобразовательное учреждение \"Школа №15\" г.Нижнекамск Республики Татарстан"]
[81,"Антропова ","Яна ","Олеговна","ж",8,8,55,100,"участник",null,"Осипов Николай Викторович","Муниципальное бюджетное общеобразовательное учреждение \"Школа №15\" г.Нижнекамск Республики Татарстан"]
[82,"Гимадиева ","Азалия ","Рустемовна","ж",8,8,20,100,"участник",null,"Осипов Николай Викторович","Муниципальное бюджетное общеобразовательное учреждение \"Школа №15\" г.Нижнекамск Республики Татарстан"]
[83,"Сабирова ","Айгуль","Ильдаровна","ж",8,8,58,100,"участник",null,"Осипов Николай Викторович","Муниципальное бюджетное общеобразовательное учреждение \"Школа №15\" г.Нижнекамск Республики Татарстан"]
[84,"Хайдарова ","Диляра ","Данисовна","ж",8,8,27,100,"участник",null,"Осипов Николай Викторович","Муниципальное бюджетное общеобразовательное учреждение \"Школа №15\" г.Нижнекамск Республики Татарстан"]
[85,"Костромина","Рената","Андреевна","ж",8,8,22,100,"участник",null,"Осипов Николай Викторович","Муниципальное бюджетное общеобразовательное учреждение \"Школа №15\" г.Нижнекамск Республики Татарстан"]
[86,"Костромина","Дарья ","Денисовна","ж",8,8,12,100,"участник",null,"Осипов Николай Викторович","Муниципальное бюджетное общеобразовательное учреждение \"Школа №15\" г.Нижнекамск Республики Татарстан"]
[87,"Ловска","Есения","Евгеньевна","ж",8,8,62,100,"участник",null,"Осипов Николай Викторович","Муниципальное бюджетное общеобразовательное учреждение \"Школа №15\" г.Нижнекамск Республики Татарстан"]
[88,"Исхаков ","Алмаз","Маратович","м",7,7,13,100,"участник",null,"Осипов Николай Викторович","Муниципальное бюджетное общеобразовательное учреждение \"Школа №15\" г.Нижнекамск Республики Татарстан"]
[89,"Кузнецов","Егор","Евгеньевич","м",7,7,28,100,"участник",null,"Осипов Николай Викторович","Муниципальное бюджетное общеобразовательное учреждение \"Школа №15\" г.Нижнекамск Республики Татарстан"]
[90,"Мануйлов","Дмитрий","Анатольевич","м",7,7,48,100,"участник",null,"Осипов Николай Викторович","Муниципальное бюджетное общеобразовательное учреждение \"Школа №15\" г.Нижнекамск Республики Татарстан"]
[91,"Мутыгуллин","Малик","Алмазович","м",7,7,12,100,"участник",null,"Осипов Николай Викторович","Муниципальное бюджетное общеобразовательное учреждение \"Школа №15\" г.Нижнекамск Республики Татарстан"]
[92,"Питеркин","Кирилл","Александрович","м",7,7,46,100,"участник",null,"Осипов Николай Викторович","Муниципальное бюджетное общеобразовательное учреждение \"Школа №15\" г.Нижнекамск Республики Татарстан"]
[93,"Шарифуллин","Артур ","Салаватович","м",7,7,42,100,"участник",null,"Осипов Николай Викторович","Муниципальное бюджетное общеобразовательное учреждение \"Школа №15\" г.Нижнекамск Республики Татарстан"]
[94,"Вафин","Альмир","Алмазович","м",7,7,49,100,"участник",null,"Осипов Николай Викторович","Муниципальное бюджетное общеобразовательное учреждение \"Школа №15\" г.Нижнекамск Республики Татарстан"]
[95,"Федосеев","Дмитрий ","Владимирович","м",7,7,8,100,"участник",null,"Осипов Николай Викторович","Муниципальное бюджетное общеобразовательное учреждение \"Школа №15\" г.Нижнекамск Республики Татарстан"]
[96,"Бикметов","Герман","Тимурович","м",8,8,6,100,"участник",null,"Осипов Николай Викторович","Муниципальное бюджетное общеобразовательное учреждение \"Школа №15\" г.Нижнекамск Республики Татарстан"]
[97,"Бикмуллин","Ислам ","Марселевич","м",8,8,39,100,"участник",null,"Осипов Николай Викторович","Муниципальное бюджетное общеобразовательное учреждение \"Школа №15\" г.Нижнекамск Республики Татарстан"]
[98,"Кузнецов","Антон","Сергеевич","м",8,8,32,100,"участник",null,"Осипов Николай Викторович","Муниципальное бюджетное общеобразовательное учреждение \"Школа №15\" г.Нижнекамск Республики Татарстан"]
[99,"Пляшев","Дмитрий","Александрович","м",8,8,58,100,"участник",null,"Осипов Николай Викторович","Муниципальное бюджетное общеобразовательное учреждение \"Школа №15\" г.Нижнекамск Республики Татарстан"]
[100,"Сагиров"," Матвей","Артурович","м",8,8,92,100,"победитель",null,"Васильева Оксана Владимировна","Муниципальное бюджетное общеобразовательное учреждение \"Школа №15\" г.Нижнекамск Республики Татарстан"]
[101,"Салихов ","Леонид","Русланович","м",8,8,55,100,"участник",null,"Осипов Николай Викторович","Муниципальное бюджетное общеобразовательное учреждение \"Школа №15\" г.Нижнекамск Республики Татарстан"]
[102,"Халиуллин","Рузаль","Данисович","м",8,8,6,100,"участник",null,"Осипов Николай Викторович","Муниципальное бюджетное общеобразовательное учреждение \"Школа №15\" г.Нижнекамск Республики Татарстан"]
[103,"Пушин","Богдан","Александрович","м",8,8,15,100,"участник",null,"Осипов Николай Викторович","Муниципальное бюджетное общеобразовательное учреждение \"Школа №15\" г.Нижнекамск Республики Татарстан"]
[104,"Баянов","Никита","Маратович","м",8,8,18,100,"участник",null,"Осипов Николай Викторович","Муниципальное бюджетное общеобразовательное учреждение \"Школа №15\" г.Нижнекамск Республики Татарстан"]
[105,"Аракчеев","Алексей","Сергеевич","м",8,8,49,100,"участник",null,"Осипов Николай Викторович","Муниципальное бюджетное общеобразовательное учреждение \"Школа №15\" г.Нижнекамск Республики Татарстан"]
[106,"Бликин","Степан","Юрьевич","м",8,8,3,100,"участник",null,"Осипов Николай Викторович","Муниципальное бюджетное общеобразовательное учреждение \"Школа №15\" г.Нижнекамск Республики Татарстан"]

{"sheet":"data","index":1,"n_rows":25,"n_cols":3,"rows_kept":25,"hidden":true}
[]
["Техника, технология и техническое творчество .  Ручная обработка древесины"]
["Техника, технология и техническое творчество .  Ручная обработка металла"]
["Техника, технология и техническое творчество .  Механическая обработка древесины"]
["Техника, технология и техническое творчество .  Механическая обработка металла"]
["Техника, технология и техническое творчество .  Электротехника"]
["Техника, технология и техническое творчество .  Робототехника"]
["Техника, технология и техническое творчество .  3d - моделирование и печать"]
["Техника, технология и техническое творчество .  Обработка материалов на лазерно-гравировальной машине"]
["Техника, технология и техническое творчество .  Промышленный дизайн"]
["Культура дома, дизайн и технологии .  Обработка швейного изделия или узла + моделирование швейных изделий"]
["Культура дома, дизайн и технологии .  Обработка швейного изделия или узла + моделирование швейных изделий с использованием графических редакторов"]
["Культура дома, дизайн и технологии .  Обработка швейного изделия или узла на швейно-вышивальном оборудовании + моделирование швейных изделий"]
["Культура дома, дизайн и технологии .  Обработка швейного изделия или узла на швейно-вышивальном оборудовании + моделирование швейных изделий с использованием графических редакторов"]
["Культура дома, дизайн и технологии .  Робототехника"]
["Культура дома, дизайн и технологии .  3d - моделирование и печать"]
["Культура дома, дизайн и технологии .  Обработка материалов на лазерно-гравировальной машине"]
["Культура дома, дизайн и технологии .  Промышленный дизайн"]
["Роботехника .  "]
["Информационная безопасность ."]
[]
[]
["участник"]
["призер",null,"да"]
["победитель"]